000 00301nam a22001337a 4500
008 180921b xxu||||| |||| 00| 0 eng d
020 _a9780205495979
041 _aeng
080 _a311
100 _a55
101 _aSTA
245 _aBasic Statistical Analysis
_cSprinthall, R.C
942 _2udc
_cBK
999 _c48182
_d48182